Петербург - 1914 - Петроград (Запись № 10216792)

Подробности
000 -МАРКЕР
контрольное поле 01319nam0a2200313 4500
001 - ИДЕНТИФИКАТОР ЗАПИСИ
контрольное поле RU\NLR\BIBL_A\010194936
005 - ИДЕНТИФИКАТОР ВЕРСИИ
контрольное поле 20260405110533.0
010 ## - МЕЖДУНАРОДНЫЙ СТАНДАРТНЫЙ НОМЕР КНИГИ (ISBN)
Номер (ISBN) 978-5-227-04907-8
Тираж 2000
021 ## - НОМЕР ГОСУДАРСТВЕННОЙ РЕГИСТРАЦИИ
Код страны Российская Федерация
Номер 2014-5812
Номер Листа государственной регистраци 360
035 ## - ДРУГИЕ СИСТЕМНЫЕ НОМЕРА
Идентификатор записи (NILC)RuMoRGB-006738057
035 ## - ДРУГИЕ СИСТЕМНЫЕ НОМЕРА
Идентификатор записи (NLR Aleph) 010194936
100 ## - ДАННЫЕ ОБЩЕЙ ОБРАБОТКИ
Данные общей обработки 20140226d2014 |||y0rusy50 ca
101 0# - ЯЗЫК РЕСУРСА
Язык текста, звукозаписи и т.д. русский
102 ## - СТРАНА ПУБЛИКАЦИИ ИЛИ ПРОИЗВОДСТВА
Страна публикации Российская Федерация
105 ## - ПОЛЕ КОДИРОВАННЫХ ДАННЫХ: ТЕКСТОВЫЕ МАТЕРИАЛЫ, МОНОГРАФИЧЕСКИЕ
Кодированные данные о монографическом текстовом документе a|||z||||||y|
200 1# - ЗАГЛАВИЕ И СВЕДЕНИЯ ОБ ОТВЕТСТВЕННОСТИ
Основное заглавие Петербург - 1914 - Петроград
Сведения, относящиеся к заглавию хронологическая мозаика столичной жизни
Первые сведения об ответственности Борис Антонов
210 ## - ПУБЛИКАЦИЯ, РАСПРОСТРАНЕНИЕ И ДР.
Место издания, распространения и т.д. Москва
Имя издателя, распространителя и т. д. Центрполиграф
Место издания, распространения и т.д. Санкт-Петербург
Имя издателя, распространителя и т. д. Русская тройка-СПб
Дата издания, распространения и т.д. 2014
215 ## - ФИЗИЧЕСКАЯ ХАРАКТЕРИСТИКА
Специфическое обозначение материала и объем 558, [1] с., [17] с. ил., портр.
Другие сведения о физической характеристике ил.
Размеры 21
225 1# - СЕРИЯ
Основное заглавие серии Серия "Все о Санкт-Петербурге"
607 ## - ГЕОГРАФИЧЕСКОЕ НАИМЕНОВАНИЕ КАК ПРЕДМЕТ
Географическое наименование Санкт-Петербург, город
Формальный подзаголовок Дневники
Тематический подзаголовок История
Хронологический подзаголовок 1914
Системный номер авторитетной/нормативной записи 2180033
Идентификатор авторитетной/нормативной записи RU\NLR\AUTH\6601547655
686 1# - ИНДЕКСЫ ДРУГИХ КЛАССИФИКАЦИЙ
Индекс Т3(2-2СПб) 523,013
700 #1 - ИМЯ ЛИЦА - ПЕРВИЧНАЯ ОТВЕТСТВЕННОСТЬ
Материалы, к которым относится поле rus
Графика поля Кириллица
Начальный элемент ввода Антонов
Часть имени, кроме начального элемента ввода Б. И.
Дополнения к именам, кроме дат историк
Даты 1941-
Расширение инициалов личного имени Борис Иванович
Идентификатор авторитетной/нормативной записи RU\NLR\AUTH\7741689
Системный номер авторитетной/нормативной записи 24637
801 #0 - ИСТОЧНИК ЗАПИСИ
Страна Российская Федерация
Организация РГБ
Дата составления 20140212
Правила каталогизации RCR
942 ## - ДОПОЛНИТЕЛЬНЫЕ ЭЛЕМЕНТЫ ЗАПИСИ (АБИС)
Тип экземпляра АБИС Книга
980 ## - КОЛЛЕКЦИЯ
Название коллекции НБР
980 ## - КОЛЛЕКЦИЯ
Название коллекции Национальная библиография
Экземпляры
Тип экземпляра Дата поступления Источник поступления Стоимость Библиотека постоянного хранения Библиотека текущего хранения Место хранения Шифр хранения Штрих-код Статус экземпляра
Книга 26.02.2014 Покупка 487.00 РНБ (Московский) РНБ (Московский) Фонд общего зала социально-экономической литературы С1 Т3(2-2СПб)5/А-724 1-444051  
Книга 26.03.2014 Обязательный экземпляр 0.00 РНБ (Московский) РНБ (Московский) Русский книжный фонд: издания с 1957 года 2014-3/8392 1-419975  
Книга 26.03.2014 Обязательный экземпляр 0.00 РНБ (Московский) РНБ (Московский) Русский книжный фонд: издания с 1957 года 2014-3/8392 1-419976  
Книга 26.02.2014 Покупка 487.00 РНБ (Садовая) РНБ (Садовая) Универсальный читальный зал У Т3(2-2СПб)5/А-724 1-444050  
Книга 26.02.2014 Покупка 487.00 РНБ (Садовая) РНБ (Садовая) Фонд Абонемента (Садовая) Аб Т3(2=СПб)/А-72 1-444052 Доставлен в Фoнд